Voľby 2019/2020 kam kráčaš demokracia

Bibliographic Details
Other Authors: Šutajová, Jana, 1979- (Editor), Dovrský, Tomáš (Editor), Ruman, Ján (Editor)
Format: Book
Language:Slovak
Czech
PhysicalDescription:443 strán grafy, schémy, tabuľky 21 cm
Published: Košice ŠafárikPress Univerzita Pavla Jozefa Šafárika v Košiciach 2021
ISBN:9788057400509
Edition:Vydanie: prvé
Series:Acta Facultatis Philosophicae Universitatis Šafarikianae Politologický zborník
Subjects:

MARC

LEADER 00000cam a2200000 4500
001 vtls012084272
003 SK-MaSNL
005 20260301104544.0
008 220121s2021 xo kal ern 000 0 slo
015 |a SNBA2022/04 
020 |a 9788057400509  |q (brožované) 
040 |a SNK  |b slo  |c SNK  |e rda 
041 0 |a slo  |a cze  |b eng 
044 |a xo  |c SK 
072 7 |a 321  |x Politológia  |2 konspekt 
080 |a 321.7+342.34  |2 2011 
080 |a 324  |2 2011 
080 |a 342.8  |2 2011 
080 |a (082)  |2 2011 
080 |a 321  |2 2011 
245 0 0 |a Voľby 2019/2020  |b kam kráčaš demokracia  |c Jana Šutajová, Tomáš Dvorský, Ján Ruman (eds.) 
246 1 |i Obálkový podnázov:  |a Košické politologické dialógy 
246 3 0 |a Kam kráčaš demokracia 
250 |a Vydanie: prvé 
264 1 |a Košice  |b ŠafárikPress  |b Univerzita Pavla Jozefa Šafárika v Košiciach  |c 2021 
300 |a 443 strán  |b grafy, schémy, tabuľky  |c 21 cm 
336 |a text  |b txt  |2 rdacontent 
337 |a bez média  |b n  |2 rdamedia 
338 |a zväzok  |b nc  |2 rdacarrier 
366 |e 150 kusov 
490 1 |a Acta Facultatis Philosophicae Universitatis Šafarikianae  |v 154/2021 
490 1 |a Politologický zborník  |v 12 
504 |a Obsahuje bibliografie ; bibliografické odkazy 
546 |a Čiastočný text v češtine ; anglické resumé 
648 7 |a 2019-2020  |2 SNKPH  |9 436975 
650 0 7 |a demokracia  |2 SNKPH  |9 3564 
650 0 7 |a voľby  |2 SNKPH  |9 1580 
650 0 7 |a volebné systémy  |2 SNKPH  |9 3588 
650 0 7 |a Democracy  |2 SNKPHeng  |9 3565 
650 0 7 |a Elections  |2 SNKPHeng  |9 313314 
650 0 7 |a Electoral systems  |2 SNKPHeng  |9 222554 
650 0 7 |a Political science  |2 SNKPHeng  |9 265833 
650 0 7 |a politológia  |2 SNKPH  |9 4684 
655 7 |a zborníky  |2 SNKPH  |9 70165 
655 7 |a Papers of several authors  |2 SNKPHeng  |9 153738 
700 1 |a Šutajová, Jana,  |d 1979-  |4 edt  |9 232238 
700 1 |a Dovrský, Tomáš  |4 edt  |9 443483 
700 1 |a Ruman, Ján  |4 edt  |9 269193 
830 0 |a Acta Facultatis Philosophicae Universitatis Šafarikianae  |p Politologický zborník  |9 422115 
919 |a 978-80-574-0050-9 
958 |a NB 
999 |c 698448  |d 700378 
952 |a SNK  |b SNK  |y PREZ  |7 0  |p 17A1481165  |o snkSC 196774  |i snk2022/4798  |8 0  |0 0  |1 0  |4 0  |d 2022-03-25  |f 1  |l 0  |r 2025-10-16 00:00:00  |w 2026-02-23